<?xml version="1.0" encoding="UTF-8"?>
<record
    xmlns:xsi="http://www.w3.org/2001/XMLSchema-instance"
    xsi:schemaLocation="http://www.loc.gov/MARC21/slim http://www.loc.gov/standards/marcxml/schema/MARC21slim.xsd"
    xmlns="http://www.loc.gov/MARC21/slim">

  <leader>01965nam a22001457a 4500</leader>
  <datafield tag="999" ind1=" " ind2=" ">
    <subfield code="c">530412</subfield>
    <subfield code="d">530412</subfield>
  </datafield>
  <controlfield tag="008">250612b           ||||| |||| 00| 0 eng d</controlfield>
  <datafield tag="100" ind1=" " ind2=" ">
    <subfield code="a">Bhattacharjee, Bireshwar, Bhattacharjee, Dibyojyoti and  Bhattacharjee, Bishweshwar </subfield>
    <subfield code="9">54325</subfield>
  </datafield>
  <datafield tag="245" ind1=" " ind2=" ">
    <subfield code="a">An Improved Point System for Cricket&#x2019;s World Test Championship</subfield>
  </datafield>
  <datafield tag="260" ind1=" " ind2=" ">
    <subfield code="a">Management and Labour Studies</subfield>
  </datafield>
  <datafield tag="300" ind1=" " ind2=" ">
    <subfield code="a">50(1), Feb ,2025: p.82-101</subfield>
  </datafield>
  <datafield tag="520" ind1=" " ind2=" ">
    <subfield code="a">With the advent of formats of limited overs in cricket like the One Day and Twenty-20 Internationals, test cricket, the longest-running version of the game, has witnessed a significant decline in popularity. The World Test Championship (WTC) was launched in 2019 by the International Cricket Council to reignite interest in test cricket. However, the initial point distribution system devised for the inaugural WTC had several shortcomings, which include allocating points based on the outcome of the entire series rather than the number of test matches played, the absence of rewards for teams winning matches away from home, failing to take into consideration the margin of victory (MOV) and not accounting for the relative strength of competing teams. Considering these shortcomings, this article proposes a new point system, thus providing an alternative to the existing one. The point system uses the Elo rating system, including factors such as home-field advantage, impact of the toss and MOV. Statistical analyses were conducted to validate the home-field advantage and toss impact. Subsequently, the proposed model developed was named the points won per match system. The team rankings in the WTC are established based on this proposed model and compared with the actual one.-Reproduced

https://journals.sagepub.com/doi/full/10.1177/0258042X241264929</subfield>
  </datafield>
  <datafield tag="650" ind1=" " ind2=" ">
    <subfield code="a">Test cricket, Cricket analysis, Elo rating, World Test Championship, Modified point system, Margin of victory</subfield>
    <subfield code="9">54326</subfield>
  </datafield>
  <datafield tag="942" ind1=" " ind2=" ">
    <subfield code="c">AR</subfield>
  </datafield>
  <datafield tag="952" ind1=" " ind2=" ">
    <subfield code="0">0</subfield>
    <subfield code="1">0</subfield>
    <subfield code="2">ddc</subfield>
    <subfield code="4">0</subfield>
    <subfield code="7">0</subfield>
    <subfield code="9">405604</subfield>
    <subfield code="a">IIPA</subfield>
    <subfield code="b">IIPA</subfield>
    <subfield code="d">2025-06-12</subfield>
    <subfield code="p">AR136193</subfield>
    <subfield code="r">2025-06-12</subfield>
    <subfield code="y">AR</subfield>
  </datafield>
</record>
